Znalostná ekonomika, nástroj na "due diligence" a "forenzný audit" pri poskytovaní ďalších druhov audítorských služieb

Salvato in:
Dettagli Bibliografici
Autore principale: Polončák, Milan
Altri autori: Polončák, Milan, ml
Natura: Capitolo di libro
Lingua:slovacco
Tags: Aggiungi Tag
Nessun Tag, puoi essere il primo ad aggiungerne!!

MARC

LEADER 00000naa$a2200000$$$4500
001 0060349
005 20240502071651.7
041 0 |a slo 
044 |a SK 
245 1 0 |a Znalostná ekonomika, nástroj na "due diligence" a "forenzný audit" pri poskytovaní ďalších druhov audítorských služieb  |c Milan Polončák, Milan Polončák ml. 
100 1 |a Polončák, Milan 
700 1 |a Polončák, Milan, ml.